000 00378nam a2200145Ia 4500
008 230917s9999||||xx |||||||||||||| ||und||
040 _e8512
_aMAIN
041 _aEnglish
082 _a327.116 K849P
100 _aKovalenko, Ivan, ed.
245 0 _aProblem of security in Asia Pacific region
260 _aNew Delhi
_bAllied Publishers
_c1987
300 _a183 p.
942 _cBK
999 _c50231
_d50231